The elementary education system in India: (Record no. 27782)

MARC details
000 -LEADER
fixed length control field 01056nam a22002535a 4500
005 - DATE AND TIME OF LATEST TRANSACTION
control field 2009062205145.0
008 - FIXED-LENGTH DATA ELEMENTS--GENERAL INFORMATION
fixed length control field 090324s2009 ii a b 001 0 eng
010 ## - LCCN (DPL NO)
LC control number ENG-94186
020 ## - INTERNATIONAL STANDARD BOOK NUMBER
International Standard Book Number 9780415483285
Terms of availability 795.00
035 ## - SYSTEM CONTROL NUMBER
System control number EN-77719
037 ## - SOURCE OF ACQUISITION
Source of stock number/acquisition DBAD / PUB
040 ## - CATALOGING SOURCE
Original cataloging agency dpl
Language of cataloging English
082 ## - DEWEY DECIMAL CLASSIFICATION NUMBER
Classification number 372.954
245 ## - TITLE STATEMENT
Title The elementary education system in India:
Statement of responsibility, etc edited by Rashmi Sharma [and] Vimala Ramachandran
Remainder of title exploring institutional structures, processes and dynamics /
260 ## - PUBLICATION, DISTRIBUTION, ETC. (IMPRINT)
Place of publication, distribution, etc New Delhi
Name of publisher, distributor, etc Routledge
Date of publication, distribution, etc 2009
270 ## - ADDRESS
Address 912-915 Tolstory House, 15-17 Tolstoy Marg
City New Delhi
Postal code 110001
300 ## - PHYSICAL DESCRIPTION
Extent xvii, 346p.
Dimensions 23cm(Hb)
500 ## - GENERAL NOTE
General note Includes bibliographical references and index
650 ## - SUBJECT ADDED ENTRY--TOPICAL TERM
Topical term or geographic name as entry element Education, Elementary
Geographic subdivision India
700 ## - ADDED ENTRY--PERSONAL NAME
Personal name Sharma, Rashmi
700 ## - ADDED ENTRY--PERSONAL NAME
Personal name Ramachandran, Vimala
942 ## - ADDED ENTRY ELEMENTS (KOHA)
Source of classification or shelving scheme Dewey Decimal Classification
Item type English Books
Call number suffix ELE
Classification part 372.954
Holdings
Withdrawn status Lost status Source of classification or shelving scheme Damaged status Not for loan Collection code Home library Current library Date acquired Source of acquisition Cost, normal purchase price Total Checkouts Full call number Barcode Date last seen Copy number Cost, replacement price Koha item type
    Dewey Decimal Classification   Not For Loan Non-fiction D.B.Act.Division D.B.Act.Division 22/06/2009 DBAD / PUB 795.00   372.954 ELE EN-77719 22/06/2009 1 795.00 English Books

© Delhi Public Library
Hit Counter
free hit counter